Carregant...
Internationalisation of higher education in India
| Autor principal: | |
|---|---|
| Altres autors: | |
| Format: | Printed Book |
| Publicat: |
New Delhi
AIU
2017
|
| Matèries: |
| LEADER | 00476nam a22001457a 4500 | ||
|---|---|---|---|
| 082 | |a 378.54 |b QUA/I | ||
| 100 | |a Quamar, Furqan | ||
| 245 | |a Internationalisation of higher education in India | ||
| 260 | |a New Delhi |b AIU |c 2017 | ||
| 300 | |a 120 | ||
| 650 | |a Higher education-India | ||
| 700 | |a Venna Bhalla | ||
| 942 | |c BK | ||
| 999 | |c 44496 |d 44496 | ||
| 952 | |0 0 |1 0 |4 0 |6 378_540000000000000_QUAI |7 0 |8 Stack |9 48421 |a KUCL |b KUCL |c Stack |d 2017-12-01 |l 0 |o 378.54 QUA/I |p G2131 |r 2017-12-01 |w 2017-12-01 |y BK | ||